000 00345nam a22001337a 4500
008 250514b |||||||| |||| 00| 0 eng d
020 _a0408015284
050 _aHD39.5
_b.L47
100 _aLester albert
245 _aProcurement in the process industry
260 _aEnglang
_bButterworth & Co. publishers
_c1989
300 _a258p.
942 _cBK
999 _c3493
_d3493